00634nam a22001457a 4500003000400000005001700004008004100021040001400062100003300076245017500109260003400284300002800318500011100346504003100457OSt20250818103406.0230906b |||||||| |||| 00| 0 eng d aMMSUcULS aBonifacio, Angelica Marie G. aAwareness and attitudes of the Dumalnegenians on their material culture: bases in developing a promotional material /cAngelica Marie G. Bonifacio, and Erah Mae G. Suniga aCity of Batac :c2019bMMSU,  axii, 106 leavesc28 cm. aThesis (BA in Communication) – Mariano Marcos State University-College of Arts and Sciences, Batac City  aBibliography: leaves 60-62